[Event "Open Tournament for SM Members"]
[Site "SchemingMind.com"]
[Date "2006.11.05"]
[Round "-"]
[White "loco61"]
[Black "cool_dude"]
[Result "1-0"]
[WhiteCountry "ENG"]
[BlackCountry "GBR"]
[WhiteElo "1574"]
[WhiteRD "66"]
[BlackElo "1354"]
[BlackRD "140"]
[GameID "75157"]

1. e4 e5 2. Nf3 d6 3. Bc4 Bg4 4. h3 Bxf3 5. Qxf3 Nf6 6. d3 Nbd7 7. Bg5 g6 8. Nd2 Bg7 9. O-O-O O-O 10. g4 c6
11. h4 b5 12. Bb3 h6 13. Bxf6 Nxf6 14. g5 hxg5 15. hxg5 Nh5 16. Rxh5 gxh5 17. Qxh5 c5 18. g6 c4 19. Qh7#
1-0

[Event "Open Tournament for SM Members"]
[Site "SchemingMind.com"]
[Date "2006.11.06"]
[Round "-"]
[White "alejandroales"]
[Black "cool_dude"]
[Result "1-0"]
[WhiteCountry "ARG"]
[BlackCountry "GBR"]
[WhiteElo "1665"]
[WhiteRD "70"]
[BlackElo "1295"]
[BlackRD "124"]
[GameID "75159"]

1. d4 d5 2. c4 Bf5 3. Nc3 Nf6 4. Bf4 c6 5. e3 Nbd7 6. Rc1 dxc4 7. Bxc4 g6 8. Qb3 e6 9. Qxb7 Rb8 10. Bxb8 Nxb8
11. Nf3 Bg7 12. Nh4 O-O 13. Nxf5 exf5 14. Qxa7 Nbd7 15. O-O Ng4 16. Rfd1 Qc7 17. Qxc7 Ndf6 18. d5 cxd5 19. Nxd5 Ne4 20. f3 Nef2
21. fxg4 Nxd1 22. Rxd1 Bxb2 23. gxf5 gxf5 24. Rd4 Bxd4 25. exd4 Kh8 26. Qe5+ f6 27. Nxf6
1-0

[Event "Open Tournament for SM Members"]
[Site "SchemingMind.com"]
[Date "2006.11.05"]
[Round "-"]
[White "jjb091"]
[Black "cool_dude"]
[Result "1-0"]
[WhiteCountry "USA"]
[BlackCountry "GBR"]
[WhiteElo "1694"]
[WhiteRD "77"]
[BlackElo "1295"]
[BlackRD "124"]
[GameID "75160"]

1. e4 e5 2. Nf3 d6 3. d4 exd4 4. c3 Bg4 5. cxd4 Nf6 6. Nc3 g6 7. Be2 Bg7 8. Qb3 O-O 9. Qxb7 Nbd7 10. Qb3 Rb8
11. Qc2 Qe7 12. O-O Bxf3 13. Bxf3 c6= 14. Bf4 Nb6 15. Rfe1 Rfe8 16. e5 dxe5 17. dxe5 Nfd5 18. Nxd5 Qc5 19. Qxc5 Na4 20. Qxc6 Nxb2
21. e6 Nd3 22. exf7+ Kxf7 23. Qd7+ Kg8 24. Rxe8+ Bf8 25. Nf6+ Kh8 26. Qxh7#
1-0

[Event "Open Tournament for SM Members"]
[Site "SchemingMind.com"]
[Date "2006.11.05"]
[Round "-"]
[White "Mark_Griffin"]
[Black "cool_dude"]
[Result "1-0"]
[WhiteCountry "IRL"]
[BlackCountry "GBR"]
[WhiteElo "1606"]
[WhiteRD "107"]
[BlackElo "1354"]
[BlackRD "140"]
[GameID "75161"]

1. e4 e5 2. Nf3 d6 3. Bc4 Bg4 4. h3 Bxf3 5. Qxf3 Nf6 6. d3 Nbd7 7. Bg5 g6 8. Nc3 Bg7 9. O-O h6 10. Nd5 O-O
11. Nxf6+ Nxf6 12. Bxf6 Bxf6 13. c3 c6 14. b4 b5 15. Bb3 Qe7 16. a4 bxa4 17. Rxa4 Rad8 18. Rfa1 Bg7 19. Rxa7 Qg5 20. Rc7 Ra8
21. Rxa8 Rxa8 22. Qxf7+ Kh8 23. Qxg7#
1-0

[Event "Open Tournament for SM Members"]
[Site "SchemingMind.com"]
[Date "2006.11.05"]
[Round "-"]
[White "Silvy"]
[Black "cool_dude"]
[Result "1-0"]
[WhiteCountry "ITA"]
[BlackCountry "GBR"]
[WhiteElo "1963"]
[WhiteRD "117"]
[BlackElo "1354"]
[BlackRD "140"]
[GameID "75162"]

1. d4 d5 2. Nf3 Bg4 3. Ne5 Bf5 4. c4 Nf6 5. cxd5 Nxd5 6. Qb3 Bg6 7. Qxb7 Nb6 8. e4 Bh5 9. Bb5+ c6 10. Nxc6 Nxc6
11. Bxc6+ Nd7 12. Bxd7+ Qxd7 13. Qxa8+ Qd8 14. Qxd8+ Kxd8 15. Nc3 e6 16. Bf4 g6 17. f3 g5 18. Bxg5+ Be7 19. Bxe7+ Kxe7 20. Rc1 Rg8
21. Kf2 Kd7= 22. Na4 Rb8 23. Rc5 Bg6 24. Rhc1 Kd6 25. Rc7 e5 26. R1c6#
1-0

[Event "Open Tournament for SM Members"]
[Site "SchemingMind.com"]
[Date "2006.11.05"]
[Round "-"]
[White "am4chess"]
[Black "loco61"]
[Result "1-0"]
[WhiteCountry "PHI"]
[BlackCountry "ENG"]
[WhiteElo "1582"]
[WhiteRD "78"]
[BlackElo "1610"]
[BlackRD "60"]
[GameID "75163"]

1. Nf3 d5 2. d4 Nc6 3. e3 Bf5 4. c4 e6 5. a3 Nf6 6. b4 dxc4 7. Bxc4 Nxb4 8. axb4 Bxb4+ 9. Bd2 Qd6 10. O-O a5
11. Qa4+ c6 12. Bxb4 Qd7 13. Ne5 Qc7 14. Ba3 b5 15. Bxb5 cxb5 16. Qxb5+ Nd7 17. Rc1 Qd8 18. Bd6 f6 19. Nc6 Qb6 20. Qxb6 Nxb6
21. Nc3 Kd7 22. Nb5 a4 23. Ne7 Nd5 24. Nxd5 exd5 25. Rc7+ Kd8 26. Be7+
1-0

[Event "Open Tournament for SM Members"]
[Site "SchemingMind.com"]
[Date "2006.11.05"]
[Round "-"]
[White "am4chess"]
[Black "alejandroales"]
[Result "0-1"]
[WhiteCountry "PHI"]
[BlackCountry "ARG"]
[WhiteElo "1582"]
[WhiteRD "78"]
[BlackElo "1734"]
[BlackRD "71"]
[GameID "75165"]

1. Nf3 Nf6 2. c4 c6 3. Nc3 d5 4. e3 Nbd7 5. cxd5 cxd5 6. d4 g6 7. Bb5 Bg7 8. Ne5 O-O 9. O-O Qc7 10. Nd3 a6
11. Ba4 b6 12. Bd2 Bb7 13. Re1 Rac8 14. Rc1 Qb8 15. Bb3 Rfd8 16. Nf4 e6 17. f3 b5 18. Qe2 Nb6 19. a3 Nc4 20. Nd3 Nd7
21. Bc2 Ndb6 22. Nc5 Nxb2 23. Rb1 N2c4 24. a4 Bf8 25. axb5 axb5
0-1

[Event "Open Tournament for SM Members"]
[Site "SchemingMind.com"]
[Date "2006.11.05"]
[Round "-"]
[White "am4chess"]
[Black "jjb091"]
[Result "1-0"]
[WhiteCountry "PHI"]
[BlackCountry "USA"]
[WhiteElo "1582"]
[WhiteRD "78"]
[BlackElo "1662"]
[BlackRD "75"]
[GameID "75166"]

1. Nf3 Nf6 2. d4 e6 3. c4 b6 4. a3 Bb7 5. e3 d5 6. Be2 Nbd7 7. Nc3 Be7 8. O-O O-O 9. Bd2 Ba6 10. b3 c5
11. Re1 cxd4 12. exd4 Rc8 13. cxd5 Bxe2 14. Qxe2 Re8 15. dxe6 fxe6 16. Qxe6+ Kh8 17. Ng5 Qc7 18. Nf7+ Kg8 19. Nh6+ Kh8 20. Nf7+ Kg8
21. Nh6+ Kh8 22. Qg8+
1-0

[Event "Open Tournament for SM Members"]
[Site "SchemingMind.com"]
[Date "2006.11.05"]
[Round "-"]
[White "am4chess"]
[Black "Mark_Griffin"]
[Result "0-1"]
[WhiteCountry "PHI"]
[BlackCountry "IRL"]
[WhiteElo "1582"]
[WhiteRD "78"]
[BlackElo "1701"]
[BlackRD "95"]
[GameID "75167"]

1. Nf3 Nc6 2. d4 Nf6 3. d5 Nb4 4. c4 d6 5. Qa4+ c6 6. a3 Na6 7. dxc6 b5 8. cxb5 Nc5 9. Qc4 Be6 10. Qc2 g6
11. e3 Bg7 12. Nbd2 O-O 13. b4 Nce4 14. Nxe4 Nxe4 15. Qxe4 Bxa1 16. Ng5 Bc3+ 17. Bd2 Bxd2+ 18. Kxd2 Bf5 19. Qf3 d5 20. h4 e6
21. g4 Be4 22. Nxe4 dxe4+ 23. Bd3 Qxd3+ 24. Kc1 exf3 25. Rd1 Qxa3+ 26. Kb1 Qxb4+
0-1

[Event "Open Tournament for SM Members"]
[Site "SchemingMind.com"]
[Date "2006.11.05"]
[Round "-"]
[White "am4chess"]
[Black "Silvy"]
[Result "0-1"]
[WhiteCountry "PHI"]
[BlackCountry "ITA"]
[WhiteElo "1582"]
[WhiteRD "78"]
[BlackElo "2023"]
[BlackRD "110"]
[GameID "75168"]

1. Nf3 d5 2. d4 Nf6 3. e3 Bf5 4. h3 e6 5. c4 c6 6. Be2 Bd6 7. a3 Nbd7 8. Nc3 Ne4 9. Bd2 O-O 10. Bd3 Nxf2
11. Kxf2 Bxd3 12. c5 Bc7 13. Ne2 e5 14. Nxe5 Nxe5 15. dxe5 Bxe5 16. Bc3 Bxe2 17. Kxe2 Re8 18. Rf1 Bxc3 19. bxc3 Qg5 20. Qd4 Re4
21. Qd2 Qxg2+ 22. Rf2 Qxh3 23. Raf1 Rae8 24. Rxf7 Rxe3+ 25. Kd1 Rd3 26. Qxd3 Qxd3+ 27. Kc1 Qxc3+ 28. Kd1 Qd3+ 29. Kc1 Qxa3+ 30. Kd1 h5
31. Rxb7 Qd3+
0-1

[Event "Open Tournament for SM Members"]
[Site "SchemingMind.com"]
[Date "2006.11.05"]
[Round "-"]
[White "am4chess"]
[Black "cool_dude"]
[Result "0-1"]
[WhiteCountry "PHI"]
[BlackCountry "GBR"]
[WhiteElo "1582"]
[WhiteRD "78"]
[BlackElo "1347"]
[BlackRD "121"]
[GameID "75169"]

1. Nf3 d6 2. d4 e6 3. c4 d5 4. a3 g6 5. e3 Bg7 6. b4 b6 7. Bb2 Bb7 8. c5 Nf6 9. Be2 Nbd7 10. Bb5 O-O
11. c6 Bxc6 12. Bxc6 Rb8 13. Nbd2 Qe7 14. O-O a5 15. Re1 axb4 16. axb4 Qxb4 17. Ba3 Qd6 18. Bxd6 cxd6 19. Bxd7 Nxd7 20. Ra7 Nf6
21. Qa4 b5 22. Qb4 Ng4 23. Qxd6 Rfd8 24. Qe7 Rf8
0-1

[Event "Open Tournament for SM Members"]
[Site "SchemingMind.com"]
[Date "2006.11.05"]
[Round "-"]
[White "loco61"]
[Black "am4chess"]
[Result "1-0"]
[WhiteCountry "ENG"]
[BlackCountry "PHI"]
[WhiteElo "1584"]
[WhiteRD "58"]
[BlackElo "1580"]
[BlackRD "85"]
[GameID "75170"]

1. e4 c5 2. Nf3 d6 3. Bc4 Bg4 4. h3 Bd7 5. Nc3 e6 6. d4 cxd4 7. Nxd4 a6 8. Be3 Be7 9. Qd2 Nf6 10. O-O-O b5
11. Bb3 Nc6 12. f3 Rb8 13. g4 O-O 14. g5 Nh5 15. h4 Ne5 16. f4 Nc4 17. Qe2 g6 18. Bxc4 bxc4 19. Qxc4 Qb6 20. b3 Qb4
21. Qxb4 Rxb4 22. a3 Rb7 23. a4 Rfb8 24. Kd2 d5 25. exd5 Bb4 26. Ne2 Rc8 27. Bd4 Rbc7 28. Rc1 Bxc3+ 29. Bxc3 exd5 30. Be5 Rc5
31. b4 Rc4 32. c3 Bxa4 33. Nd4 Ng3 34. Rh3 Ne4+ 35. Ke2 Rxc3 36. Rcxc3 Nxc3+ 37. Kd2 Ne4+ 38. Ke1 Rc4 39. Rd3 Rxb4 40. f5 Rb1+
41. Ke2 Bb5 42. Nxb5 Rxb5 43. f6 Kf8 44. Rd4 a5 45. Bc7 a4 46. Bd8 Ke8 47. Be7 Ra5 48. Bb4 Rb5 49. Kd3 Ng3 50. Be1 Nf5
51. Rxa4 Rb3+ 52. Kc2 Rh3 53. Ra8+ Kd7 54. Ra7+ Ke6 55. Ra4 Ne3+ 56. Kd2 Nc4+ 57. Kc2 Rh1 58. Bg3 Ne3+ 59. Kc3 Nf5 60. Ra6+ Kd7
61. Ra7+ Ke8 62. Ra8+
1-0

[Event "Open Tournament for SM Members"]
[Site "SchemingMind.com"]
[Date "2006.11.06"]
[Round "-"]
[White "alejandroales"]
[Black "am4chess"]
[Result "1-0"]
[WhiteCountry "ARG"]
[BlackCountry "PHI"]
[WhiteElo "1734"]
[WhiteRD "71"]
[BlackElo "1582"]
[BlackRD "78"]
[GameID "75172"]

1. d4 e6 2. c4 c6 3. Nc3 Bb4 4. e4 Nf6 5. Bd3 d5 6. e5 Ne4 7. Bxe4 dxe4 8. Qg4 Qxd4 9. Bd2 Qxe5 10. Nge2 f5
11. Qg5 Nd7 12. O-O-O Nb6 13. Nf4 Be7 14. Qh5+ Kd7 15. Ng6 hxg6 16. Qxh8 Nxc4 17. Bf4+ Qd5 18. Nxd5 cxd5 19. Qxg7 Kd8 20. b3 Nb6
21. Kb2 Bd7 22. Rc1 Rc8 23. Qg8+ Be8 24. Qxe6 Bd7 25. Rxc8+
1-0

[Event "Open Tournament for SM Members"]
[Site "SchemingMind.com"]
[Date "2006.11.06"]
[Round "-"]
[White "jjb091"]
[Black "am4chess"]
[Result "1-0"]
[WhiteCountry "USA"]
[BlackCountry "PHI"]
[WhiteElo "1662"]
[WhiteRD "75"]
[BlackElo "1582"]
[BlackRD "78"]
[GameID "75173"]

1. e4 c5 2. Nf3 d6 3. d4 cxd4 4. Nxd4 g6 5. c4 Bg7 6. Nc3 Bd7 7. Be3 Nf6 8. f3 a6 9. Qd2 e6 10. O-O-O Nc6
11. Kb1 Qa5 12. Bh6 O-O 13. Nxc6 bxc6 14. Bxg7 Kxg7 15. g4 Rab8 16. h4 Rb7 17. Qh2 Qxc3 18. Rxd6 Qe1+ 19. Kc2 Rfb8 20. b3 Qf2+
21. Qxf2 a5 22. Be2 Ne8 23. Qd4+ f6 24. Rxd7+
1-0

[Event "Open Tournament for SM Members"]
[Site "SchemingMind.com"]
[Date "2006.11.05"]
[Round "-"]
[White "Mark_Griffin"]
[Black "am4chess"]
[Result "1-0"]
[WhiteCountry "IRL"]
[BlackCountry "PHI"]
[WhiteElo "1701"]
[WhiteRD "95"]
[BlackElo "1582"]
[BlackRD "78"]
[GameID "75174"]

1. e4 c5 2. Bc4 e6 3. d3 Nc6 4. Nf3 d5 5. exd5 exd5 6. Bb5 Bd7 7. O-O Bd6 8. Re1+ Nge7 9. Bg5 Qc7 10. Bxc6 Bxc6
11. Nbd2 O-O-O 12. Bxe7 Bxe7 13. Ne5 Bd6 14. Nxc6 Qxc6 15. Qf3 h5 16. c4 dxc4 17. Qxc6+ bxc6 18. Nxc4 f6 19. Nxd6+ Rxd6 20. Re7 Rd7
21. Rxd7 Kxd7 22. Re1 Rb8 23. Rc1 Rxb2 24. h3 Rxa2 25. Rxc5
1-0

[Event "Open Tournament for SM Members"]
[Site "SchemingMind.com"]
[Date "2006.11.05"]
[Round "-"]
[White "Silvy"]
[Black "am4chess"]
[Result "1-0"]
[WhiteCountry "ITA"]
[BlackCountry "PHI"]
[WhiteElo "2023"]
[WhiteRD "110"]
[BlackElo "1582"]
[BlackRD "78"]
[GameID "75175"]

1. d4 d5 2. Nf3 e6 3. Bf4 c5 4. e3 cxd4 5. exd4 Nf6 6. Bd3 Nc6 7. c3 Be7 8. h3 h6 9. Nbd2 O-O 10. Qe2 Re8
11. Ne5 Nxe5 12. dxe5 Nd7 13. Nf3 Qb6 14. Rb1 Bc5 15. O-O Qc7 16. Nd4 b6 17. Rfe1 f5 18. Qh5 Nf8 19. Qxe8 Bxd4 20. cxd4 g5
21. Rbc1 gxf4 22. Rxc7 Bb7 23. Qf7+
1-0

[Event "Open Tournament for SM Members"]
[Site "SchemingMind.com"]
[Date "2006.11.05"]
[Round "-"]
[White "cool_dude"]
[Black "am4chess"]
[Result "0-1"]
[WhiteCountry "GBR"]
[BlackCountry "PHI"]
[WhiteElo "1347"]
[WhiteRD "121"]
[BlackElo "1582"]
[BlackRD "78"]
[GameID "75176"]

1. e4 c5 2. Nf3 d6 3. g3 Nf6 4. Bg2 Nc6 5. O-O e6 6. d3 h6 7. Be3 Be7 8. Nbd2 O-O 9. Qe2 e5 10. Rad1 Bg4
11. c4 Nd4 12. Bxd4 cxd4 13. h3 Bh5 14. g4 Bg6 15. b3 a5 16. a4 Nd7 17. Rb1 Nc5 18. Rfd1 Bg5 19. Nxg5 Qxg5 20. Rf1 h5
21. gxh5 Bxh5 22. Qe1 Nxd3 23. Nf3 Bxf3
0-1

[Event "Open Tournament for SM Members"]
[Site "SchemingMind.com"]
[Date "2006.11.06"]
[Round "-"]
[White "jtrochez1"]
[Black "loco61"]
[Result "1-0"]
[WhiteCountry "HON"]
[BlackCountry "ENG"]
[WhiteElo "1592"]
[WhiteRD "50"]
[BlackElo "1570"]
[BlackRD "60"]
[GameID "75298"]

1. e4 e5 2. Nf3 Nc6 3. a3 Nf6 4. d3 h6 5. h3 Bc5 6. b4 Nxb4 7. axb4 Bxb4+ 8. c3 Bc5 9. Nxe5 d6 10. Nf3 O-O
11. Nbd2 b5 12. d4 Bb6 13. Bd3 Bb7 14. O-O Qd7 15. Qc2 a5 16. e5 dxe5 17. dxe5 Nd5 18. Nd4 Nxc3 19. Ne2 Nxe2+ 20. Bxe2 Rad8
21. Bf3 c6 22. Ne4 a4 23. Bxh6 Qe6 24. Bf4 Bd4 25. Ra3 Bxe5 26. Ng5 Qh6 27. Bxe5 Qxg5 28. Bg3 Qf6 29. Bh2 Rfe8 30. Bc7 Rd4
31. Ba5 Rc4 32. Qd3 c5 33. Bxb7 Rb8 34. Bd5 Rd4 35. Qg3 Rf8 36. Ba2 c4 37. Rf3 Qc6 38. Bc3 Qd6 39. Bxd4 Qxd4 40. Rf4 Qb2
41. Bb1 c3 42. Bf5 c2 43. Qe3 b4 44. Rg4 a3 45. Qh6 g6 46. Bxg6 fxg6 47. Rxg6+ Kf7 48. Qh7+ Ke8 49. Re1+
1-0

[Event "Open Tournament for SM Members"]
[Site "SchemingMind.com"]
[Date "2006.11.06"]
[Round "-"]
[White "jtrochez1"]
[Black "alejandroales"]
[Result "1/2-1/2"]
[WhiteCountry "HON"]
[BlackCountry "ARG"]
[WhiteElo "1592"]
[WhiteRD "50"]
[BlackElo "1665"]
[BlackRD "70"]
[GameID "75300"]

1. e4 e5 2. Nf3 Nc6 3. Bb5 f5 4. d3 fxe4 5. dxe4 Nf6 6. O-O d6 7. Nc3 Be7 8. h3 O-O 9. Bxc6 bxc6 10. Re1 Qe8
11. Kh2 Nh5 12. Be3 Qg6 13. Rg1 Nf4 14. Bxf4 Rxf4 15. Qd3 Be6 16. Qf1 Raf8 17. b3 Qh5 18. Ne2 Rxe4 19. Ng3 Qg6 20. Nxe4 Qxe4
21. Qd1 Rxf3 22. gxf3 Qf4+ 23. Rg3 Bh4 24. Qe2 Bxg3+ 25. fxg3 Qf5 26. Qg2 d5 27. Rf1 Kf7 28. f4 e4 29. g4 Qf6 30. f5 Bc8
31. Qg3 Qd6 32. Qxd6 cxd6 33. Rf4 Kf6 34. Kg3 Ke5 35. c3 d4 36. cxd4+ Kxd4 37. Kf2 Kd3 38. f6 e3+ 39. Ke1 gxf6 40. Rxf6 d5
41. Rxc6 Bb7 42. Rc7 Ba6 43. Rxa7 Bb5 44. Rxh7 d4 45. Rc7 Ke4 46. g5 d3 47. Re7+ Kf3 48. Rf7+ Ke4 49. Re7+ Kf3 50. Rf7+ Ke4
51. Re7+=
1/2-1/2

[Event "Open Tournament for SM Members"]
[Site "SchemingMind.com"]
[Date "2006.11.06"]
[Round "-"]
[White "jtrochez1"]
[Black "jjb091"]
[Result "0-1"]
[WhiteCountry "HON"]
[BlackCountry "USA"]
[WhiteElo "1592"]
[WhiteRD "50"]
[BlackElo "1694"]
[BlackRD "77"]
[GameID "75301"]

1. e4 c5 2. Nf3 d6 3. d4 cxd4 4. Nxd4 Nf6 5. Nc3 e6 6. Bd3 a6 7. a4 Be7 8. h3 O-O 9. O-O Qc7 10. Nf3 Nc6
11. Na2 d5 12. Re1 dxe4 13. Bxe4 Nxe4 14. Rxe4 b6 15. Bf4 Qd8 16. Qe2 Bb7 17. Re3 Bc5 18. Rd3 Qe7 19. Rad1 Rad8 20. Rxd8 Rxd8
21. Rxd8+ Qxd8 22. Qd3 Qxd3 23. cxd3 Ne7 24. b4 Bxf3 25. gxf3 Bd4 26. b5 axb5 27. axb5 Nd5 28. Bd2 Nc7 29. Be3 Nxb5 30. Nb4 Bc5
31. Bxc5 bxc5 32. Nc2 Nd4 33. Nxd4 cxd4 34. f4 f5 35. f3 Kf7 36. Kg2 Kf6 37. Kg3 h6 38. h4 g5 39. fxg5+ hxg5 40. h5 Kg7
41. f4 g4 42. Kh4 Kh6 43. Kg3 Kxh5 44. Kg2 Kh4 45. Kg1 g3 46. Kg2 Kg4
0-1

[Event "Open Tournament for SM Members"]
[Site "SchemingMind.com"]
[Date "2006.11.06"]
[Round "-"]
[White "jtrochez1"]
[Black "Mark_Griffin"]
[Result "0-1"]
[WhiteCountry "HON"]
[BlackCountry "IRL"]
[WhiteElo "1605"]
[WhiteRD "56"]
[BlackElo "1606"]
[BlackRD "107"]
[GameID "75302"]

1. e4 e5 2. Nf3 Nc6 3. a3 Nf6 4. Nc3 Bc5 5. h3 d6 6. Bc4 O-O 7. d3 h6 8. Be3 Bxe3 9. fxe3 a6 10. Nh2 Na5
11. Ba2 Be6 12. Bxe6 fxe6 13. g4 Nd7 14. Nf3 Nc6 15. Qe2 b5 16. O-O Ne7 17. b4 Ng6 18. Qe1 c6 19. Kh1 d5 20. Ne2 Nb6
21. Rb1 Ra7 22. Qg3 Raf7 23. Neg1 dxe4 24. dxe4 Nc4 25. g5 h5 26. Rbd1 Rd7 27. Rxd7 Qxd7 28. Qe1 Nxa3 29. Qe2 Nc4 30. Rd1 Qa7
31. Rd6 Nxd6 32. Nxe5 Nxe5 33. Qxh5 Qxe3 34. g6 Qxe4+ 35. Kh2 Qxg6 36. Qxe5 Rf2+
0-1

[Event "Open Tournament for SM Members"]
[Site "SchemingMind.com"]
[Date "2006.11.06"]
[Round "-"]
[White "jtrochez1"]
[Black "am4chess"]
[Result "1-0"]
[WhiteCountry "HON"]
[BlackCountry "PHI"]
[WhiteElo "1529"]
[WhiteRD "47"]
[BlackElo "1582"]
[BlackRD "78"]
[GameID "75303"]

1. e4 c5 2. Nf3 d6 3. d4 cxd4 4. Nxd4 Nc6 5. Nxc6 bxc6 6. Nc3 e6 7. Bd3 Be7 8. O-O Nf6 9. Be3 O-O 10. Qe2 Bb7
11. Ba6 Qc7 12. Bxb7 Qxb7 13. b3 d5 14. exd5 cxd5 15. Rad1 Bb4 16. Nb1 e5 17. c3 Bd6 18. h3 Ne4 19. Qg4 f5 20. Qe2 f4
21. Bc1 Bc5 22. Kh2 Qb6 23. Rxd5 Nxf2 24. Rxe5 f3 25. gxf3 Bd6 26. Qxf2 Bxe5+ 27. Kh1 Qg6 28. Bb2
1-0

[Event "Open Tournament for SM Members"]
[Site "SchemingMind.com"]
[Date "2006.11.06"]
[Round "-"]
[White "jtrochez1"]
[Black "Silvy"]
[Result "0-1"]
[WhiteCountry "HON"]
[BlackCountry "ITA"]
[WhiteElo "1605"]
[WhiteRD "56"]
[BlackElo "1963"]
[BlackRD "117"]
[GameID "75304"]

1. e4 c6 2. Nf3 d5 3. exd5 cxd5 4. d4 Nc6 5. Bb5 Nf6 6. Nc3 Bg4 7. Bxc6+ bxc6 8. h3 Bh5 9. a3 e6 10. Bg5 Bd6
11. Qd3 h6 12. Bd2 Bg6 13. Qa6 O-O 14. Qxc6 Rb8 15. b4 Ne4 16. Nxe4 Bxe4 17. Qa4 Bxf3 18. gxf3 Qf6 19. Qb3 Be5 20. O-O-O Bxd4
21. Be3 Bxe3+ 22. fxe3 Rfc8 23. f4 Rc3 24. Qb2 Rbc8 25. Rd2 Qf5 26. Kb1 Rxe3 27. Rg1 Rcc3 28. Kc1 Qxf4 29. Kb1 Qe4 30. Kc1 e5
31. Rgd1 d4 32. Rd3 Rexd3 33. Rxd3 Qxd3 34. Qa2 e4 35. Kb1 Qd1+
0-1

[Event "Open Tournament for SM Members"]
[Site "SchemingMind.com"]
[Date "2006.11.06"]
[Round "-"]
[White "jtrochez1"]
[Black "cool_dude"]
[Result "1-0"]
[WhiteCountry "HON"]
[BlackCountry "GBR"]
[WhiteElo "1592"]
[WhiteRD "50"]
[BlackElo "1295"]
[BlackRD "124"]
[GameID "75305"]

1. e4 e5 2. Nf3 d6 3. h3 Be6 4. Nc3 g6 5. d4 exd4 6. Nxd4 Bd7 7. Bd3 Bg7 8. Nde2 Nf6 9. O-O O-O 10. Nd5 Nxd5
11. exd5 Na6 12. Bxa6 bxa6 13. c3 c6 14. Bf4 Qe7 15. Re1 c5 16. Ng3 Qf6 17. Qd2 Rad8 18. Ne4 Qh4 19. Bg3 Qe7 20. Bxd6 Qh4
21. Bxf8 Rxf8 22. Nxc5 Bh6 23. Qd1 Qg5 24. Nxd7 Rd8 25. Qa4 Bg7 26. Qxa6 Rxd7 27. Qc8+ Rd8 28. Re8+ Rxe8 29. Qxe8+ Bf8 30. Rd1 Qh5
31. Rd4 Kg7 32. d6 a6 33. d7 Qg5 34. d8=Q Qxd8 35. Rxd8 Kf6 36. Qxf8 h6 37. Rd6+ Ke5 38. Qe7+ Kf4 39. Qxf7+ Ke4 40. Rd4+ Ke5
41. f4#
1-0

[Event "Open Tournament for SM Members"]
[Site "SchemingMind.com"]
[Date "2006.11.06"]
[Round "-"]
[White "loco61"]
[Black "jtrochez1"]
[Result "1-0"]
[WhiteCountry "ENG"]
[BlackCountry "HON"]
[WhiteElo "1570"]
[WhiteRD "60"]
[BlackElo "1592"]
[BlackRD "50"]
[GameID "75306"]

1. e4 c5 2. Nf3 d6 3. Bc4 Bg4 4. h3 Bxf3 5. Qxf3 e6 6. Nc3 a6 7. d3 Nc6 8. Be3 Ne5 9. Qg3 Nxc4 10. dxc4 Qd7
11. O-O Ne7 12. f4 g6 13. Rf2 f5 14. e5 dxe5 15. fxe5 Nc8 16. Rd1 Qc6 17. Rfd2 Nb6 18. b3 Bg7 19. Bg5 O-O 20. Rd6 Qc7
21. Ne2 Rae8 22. a4 Rf7 23. Qe3 Bf8 24. R6d3 Nd7 25. Bf4 Bg7 26. Rd6 Qc8 27. c3 Qc7 28. g4 fxg4 29. hxg4 Nf8 30. Rf1 h6
31. Bxh6 Rxf1+ 32. Kxf1 Qf7+ 33. Kg2 Nd7 34. Bf4 Rf8 35. Rxd7 Qxd7 36. Qxc5 Qd1 37. Qe3 Qxb3 38. Nd4 Qb2+ 39. Kg3 Qb6 40. Bh6 Qa7
41. Bxg7 Re8 42. Bf6 Kf7 43. Qh6 Rg8 44. Qh7+
1-0

[Event "Open Tournament for SM Members"]
[Site "SchemingMind.com"]
[Date "2006.11.06"]
[Round "-"]
[White "alejandroales"]
[Black "jtrochez1"]
[Result "1-0"]
[WhiteCountry "ARG"]
[BlackCountry "HON"]
[WhiteElo "1671"]
[WhiteRD "65"]
[BlackElo "1605"]
[BlackRD "56"]
[GameID "75308"]

1. d4 d5 2. c4 c6 3. Nc3 e6 4. cxd5 cxd5 5. Bf4 Bb4 6. Bxb8 Rxb8 7. Qa4+ b5 8. Qxb4 a6 9. e3 Bd7 10. Nf3 Ne7
11. Bd3 h6 12. Ne5 O-O 13. Rc1 Nc6 14. Nxc6 Bxc6 15. O-O Bd7 16. Rc2 a5 17. Qb3 Qe8 18. a3 Bc6 19. Rfc1 Kh8 20. Ne2 a4
21. Qb4 Bd7 22. Rc7 f5 23. Nf4 Rc8 24. Qd6 Rd8 25. Qe5 Rg8 26. g4 Kh7 27. gxf5 exf5 28. Bxf5+ Bxf5 29. Qxf5+ Kh8 30. Ng6+
1-0

[Event "Open Tournament for SM Members"]
[Site "SchemingMind.com"]
[Date "2006.11.06"]
[Round "-"]
[White "jjb091"]
[Black "jtrochez1"]
[Result "0-1"]
[WhiteCountry "USA"]
[BlackCountry "HON"]
[WhiteElo "1694"]
[WhiteRD "77"]
[BlackElo "1592"]
[BlackRD "50"]
[GameID "75309"]

1. e4 c5 2. Nf3 d6 3. d4 cxd4 4. Nxd4 e5 5. Bb5+ Bd7 6. Bxd7+ Qxd7 7. Nb3 b6 8. Nc3 Nf6 9. Bg5 Be7 10. O-O h6
11. Bh4 O-O 12. Qf3 Nc6 13. Bxf6 Bxf6 14. Nd5 Bd8 15. Rfd1 f5 16. Nd2 Nd4 17. Qd3 f4 18. c3 Ne6 19. Nc4 Nc5 20. Qc2 Be7
21. b4 Nb7 22. Qb3 Kh8 23. a4 Nd8 24. Nxe7 Qxe7 25. Nxd6 Nf7 26. Nf5 Qg5 27. Qe6 Rad8 28. h4 Qh5 29. Ne7 Kh7 30. Nf5 Rxd1+
31. Rxd1 Qxd1+ 32. Kh2 Qd3 33. Qe7 Qxe4 34. Qxf8 Qxf5 35. Qe7 f3 36. gxf3 Qxf3 37. Qxa7 Qxf2+ 38. Kh3 e4 39. a5 Qf3+ 40. Kh2 bxa5
41. bxa5 e3 42. Qd7 e2
0-1

[Event "Open Tournament for SM Members"]
[Site "SchemingMind.com"]
[Date "2006.11.11"]
[Round "-"]
[White "Mark_Griffin"]
[Black "jtrochez1"]
[Result "0-1"]
[WhiteCountry "IRL"]
[BlackCountry "HON"]
[WhiteElo "1606"]
[WhiteRD "107"]
[BlackElo "1605"]
[BlackRD "56"]
[GameID "75310"]

1. e4 c5 2. Nc3 d6 3. Bc4 e5 4. d3 h6 5. h3 a6 6. a3 Nf6 7. Nf3 b5 8. Ba2 Be7 9. O-O O-O 10. b4 Bb7
11. Nd5 Nxd5 12. exd5 Nd7 13. c4 bxc4 14. dxc4 f5 15. Bb1 e4 16. Nd2 Bf6 17. Ra2 Ne5 18. Qb3 Nd7 19. Qg3 Be5 20. f4 exf3
21. Qxf3 f4 22. Qd3 Nf6 23. Ne4 Rf7 24. Nxf6+ Rxf6 25. g3 fxg3 26. Rxf6 Qxf6 27. Re2 Rf8 28. Qh7+ Kf7 29. bxc5 Ke7 30. cxd6+ Kxd6
31. c5+ Kc7 32. Qf5 Qxf5 33. Bxf5 Rxf5 34. c6 Bc8 35. Bb2 Bxb2 36. Rxb2 Rxd5 37. Rb3 g5 38. Rxg3 Kxc6 39. Kf2 Kb5 40. Rb3+ Ka4
41. Rb6 Bxh3 42. Rxa6+ Kb3 43. Rxh6 g4 44. Kg3 Kxa3 45. Rxh3 gxh3 46. Kxh3 Rg5 47. Kh4 Rg8 48. Kh5 Kb3 49. Kh6 Kc3 50. Kh5 Kd4
51. Kh6 Ke5 52. Kh5 Kf5
0-1

[Event "Open Tournament for SM Members"]
[Site "SchemingMind.com"]
[Date "2006.11.06"]
[Round "-"]
[White "am4chess"]
[Black "jtrochez1"]
[Result "0-1"]
[WhiteCountry "PHI"]
[BlackCountry "HON"]
[WhiteElo "1680"]
[WhiteRD "90"]
[BlackElo "1592"]
[BlackRD "50"]
[GameID "75311"]

1. Nf3 Nc6 2. e3 a6 3. d4 d5 4. c4 Nf6 5. cxd5 Nxd5 6. Bc4 e6 7. O-O Be7 8. Nc3 Nxc3 9. bxc3 O-O 10. Bd3 Bf6
11. e4 e5 12. d5 Ne7 13. Ng5 h6 14. Nf3 Bg4 15. h3 Bc8 16. Be3 Ng6 17. a4 b6 18. c4 a5 19. c5 bxc5 20. Bxc5 Be7
21. Be3 Ba6 22. Bb5 Bxb5
0-1